00425cam a2200157ua 45000010005000000080039000050400009000440820013000531000033000662450056000992500009001552600038001643000017002026530018002196530030002373891111207n ii |||gr||||Z||||||asm cMAIN a891.45111 aBorgohain, Monorma,eEditor.11aAsamiya kavyat narikanthaced. by Monorma Borgohain a1st. aJorhat:bAssam sahitya sabha,991. a192p:c23cm. aAssamese poem aAsamiya kavyat narikantha